MARC

LEADER 00000nam0a2200000 4500
001 6321
005 20231030180034.0
035 |a (RuTPU)RU\TPU\book\6354 
035 |a BOOK00006410 
090 |a 6321 
100 |a 20011209d1997 k y0rusy50 ca 
101 0 |a rus 
102 |a RU 
105 |a b z 000zy 
200 1 |a Рабочая корреляционная схема магматических и метаморфических комплексов Алтая  |f С. П. Шокальский [и др.]  |g науч. рук. В. Л. Хомичев 
210 |a Новосибирск  |c [Б. и.]  |d 1997 
215 |a 40 с.  |c карты. 
610 1 |a магматические породы 
610 1 |a метаморфические породы 
610 1 |a Алтай 
610 1 |a карты 
675 |a 552.3(571.5)  |v 3 
675 |a 552.4(571.5)  |v 3 
701 1 |a Шокальский  |b С. П.  |g Сергей Павлович 
701 1 |a Зыбин  |b В. А.  |g Владимир Андреевич 
701 1 |a Сергеев  |b В. П.  |g Владимир Павлович 
701 1 |a Гусев  |b Н. И.  |g Николай Иванович 
701 1 |a Мурзин  |b О. В.  |g Олег Владимирович 
701 1 |a Гутак  |b Я. М.  |g Ярослав Михайлович 
701 1 |a Бабин  |b Г. А.  |g Геннадий Алексеевич 
701 1 |a Кривчиков  |b В. А.  |g Валерий Альбертович 
701 1 |a Носков  |b Ю. С.  |g Юрий Сергеевич 
702 1 |a Хомичев  |b В. Л.  |4 727 
801 0 |a RU  |b 63413507  |c 20011209  |g PSBO 
801 2 |a RU  |b 63413507  |c 20051213  |g PSBO 
942 |c BK